| 000 | 01082cam a22003017a 4500 | ||
|---|---|---|---|
| 001 | 3278 | ||
| 005 | 20241108093346.0 | ||
| 020 | _a9780689810138 | ||
| 040 |
_aDLC _cDLC _dDLC _beng |
||
| 050 | 0 | 0 | _aPZ7.R982 |
| 082 | _a420 | ||
| 100 | 1 | _aRylant, Cynthia | |
| 245 | 1 | 0 |
_aHenry and Mudge and the happy cat : _bThe eighth book of their adventures / _cstory by Rylant, Cynthia ; pictures by Steveson, Suçie |
| 250 | _a1st Aladdin paperbacks editioon, 1994 | ||
| 260 |
_aNew York : _bSimon& Schuster, Inc , _c1990 |
||
| 300 |
_a47 pages : _bcolor illustrations ; _c24 cm. |
||
| 490 | 0 |
_aReady-to-read _vLevel 2 |
|
| 490 | 0 |
_aHenry and Mudge _vBook 8 |
|
| 505 | _aJ | ||
| 520 | _aHenry's family takes in a stray cat, the ugliest cat they have ever seen, and an amazing relationship blossoms between it and their big dog Mudge. | ||
| 521 |
_a470
_bLexile |
||
| 521 |
_aJ
_bRaz-Plus |
||
| 650 | 1 |
_aCats _vFiction |
|
| 650 | 1 |
_aDogs _vFiction |
|
| 700 | 1 |
_aStevenson, Suçie _eillustrator |
|
| 906 |
_a7 _bcbc _corigcop _d2 _encip _f20 _gy-gencatlg |
||
| 942 |
_2ddc _cBK _n0 |
||
| 999 |
_c3278 _d3278 |
||